Χαρτογράφηση και παρακολούθηση της υποβάθμισης και της ερημοποίησης της γης : η περίπτωση της δυτικής Πελοποννήσου : μεταπτυχιακή διπλωματική
Αποθηκεύτηκε σε:
| Κύριος συγγραφέας: | |
|---|---|
| Συγγραφή απο Οργανισμό/Αρχή: | |
| Άλλοι συγγραφείς: | |
| Μορφή: | Thesis Βιβλίο |
| Γλώσσα: | Greek |
| Δημοσίευση: |
2011
|
| Θέματα: | |
| Διαθέσιμο Online: | http://hdl.handle.net/11610/11288 |
| Ετικέτες: |
Προσθήκη ετικέτας
Δεν υπάρχουν, Καταχωρήστε ετικέτα πρώτοι!
|
MARC
| LEADER | 00000cam a2200000 i 4500 | ||
|---|---|---|---|
| 001 | 1/55062 | ||
| 008 | 140905s2011 gre d | ||
| 035 | |l 10118945 | ||
| 040 | |a GR-MY-UA |b gre |e aacr | ||
| 041 | 0 | |a gre | |
| 082 | 0 | |a 910.285 |2 (22) | |
| 100 | 1 | |a Αναστασιάδη, Βασιλική. | |
| 245 | 1 | 0 | |a Χαρτογράφηση και παρακολούθηση της υποβάθμισης και της ερημοποίησης της γης : |b η περίπτωση της δυτικής Πελοποννήσου : μεταπτυχιακή διπλωματική / |c Αναστασιάδη Βασιλική ; υπεύθυνος καθηγητής: Συμεωνάκης Η. |
| 260 | |c 2011 | ||
| 300 | |a 137 σ.; |b εικ., χάρτες; |c 30 εκ. | ||
| 502 | |a Διατριβή (μεταπτυχιακή) – Πανεπιστήμιο Αιγαίου, Λέσβος, 2011. | ||
| 504 | |a Βιβλιογραφία: σ. 111-125 | ||
| 650 | 0 | 0 | |a Land degradation |x Geographic information systems. |
| 650 | 0 | 0 | |a Land use |z Greece |z Peloponnesus (Peninsula) |
| 650 | 0 | 0 | |a Soil degradation |z Greece |z Peloponnesus (Peninsula) |
| 650 | 0 | |a Land use |x Environmental aspects |z Greece |z Peloponnesus (Peninsula) | |
| 650 | 0 | 0 | |a Dissertations, Academic |z Greece. |
| 651 | 0 | |a Peloponnesus (Greece : Peninsula) |x Environmental conditions. | |
| 700 | 1 | |a Συμεωνάκης, Ηλίας. |4 trl | |
| 710 | 2 | |a Πανεπιστήμιο Αιγαίου |b Σχολή Κοινωνικών Επιστημών |b Τμήμα Γεωγραφίας |b Μεταπτυχιακό Πρόγραμμα Σπουδών Γεωγραφία και Εφαρμοσμένη Γεωπληροφορική. | |
| 852 | |a INST |b LESVOS |c DIATR |e 20140905 |h 187 |p 005100055556 |q 005100055556 |t MTXE |y 23 | ||
| 852 | |a INST |b LESVOS |c DIATR |e 20140905 |h 188 |p 005100055557 |q 005100055557 |t MTXE |y 23 | ||
| 856 | |u http://hdl.handle.net/11610/11288 | ||
| 901 | |a BIBL1-2014-3 | ||
| 909 | |a Λ |b 190578 | ||
| 909 | |a Λ |b 190579 | ||
| 924 | |a ΑΝΑΣΤΑΣΙΑΔΗ |b ΒΑΣΙΛΙΚΗ |y ΛΕΣΒΟΣ |z 2012-05 | ||
| 970 | |a ΤΖΑΦΕΡΗ |b ΕΥΑΓΓΕΛΙΑ |z 2014/09/05 | ||